[Event "Madrid ch - Previa B"]
[Site "Madrid ESP"]
[Date "2008.11.15"]
[Round "5.2"]
[White "Montañes Arribas, Adrian"]
[Black "Roman Bada, Javier"]
[Result "1-0"]
[WhiteElo "2030"]
[BlackElo "2031"]
[PlyCount "73"]
[EventDate "2008.11.06"]
[EventType "swiss"]
[EventRounds "9"]
[EventCountry "ESP"]
[Source "lmi"]
[SourceDate "2008.11.06"]

1. e4 c6 2. d4 d5 3. exd5 cxd5 4. c4 Nf6 5. Nc3 e6 6. Nf3 Bb4 7. cxd5 exd5 8.
Bd3 O-O 9. O-O Bg4 10. Qb3 Bxc3 11. bxc3 Nbd7 12. Ne5 Nb6 13. Bg5 Be6 14. f4
Rb8 15. Rae1 Bc8 16. Bb1 Qd6 17. Bxf6 Qxf6 18. Qc2 g6 19. f5 gxf5 20. Qe2 Nc4
21. Nxc4 dxc4 22. Qxc4 Be6 23. Qe2 Rbc8 24. d5 Bd7 25. Qh5 Qg6 26. Qh3 Rfe8 27.
Bxf5 Rxe1 28. Bxd7 Rxf1+ 29. Kxf1 Qf6+ 30. Bf5 Rxc3 31. Qxh7+ Kf8 32. Ke2 Qe5+
33. Be4 Qd4 34. Bd3 Ra3 35. Qh6+ Ke7 36. Qg5+ Kd6 37. Qd8+ 1-0

[Event "Madrid ch - Previa B"]
[Site "Madrid ESP"]
[Date "2008.11.15"]
[Round "5.3"]
[White "Nieto De La Cruz, Julio"]
[Black "Lopez Rodriguez, Eduardo"]
[Result "1-0"]
[WhiteElo "2015"]
[BlackElo "1897"]
[PlyCount "83"]
[EventDate "2008.11.06"]
[EventType "swiss"]
[EventRounds "9"]
[EventCountry "ESP"]
[Source "lmi"]
[SourceDate "2008.11.06"]

1. d4 c6 2. c4 d5 3. Nf3 Nf6 4. e3 e6 5. Nc3 Be7 6. Bd3 dxc4 7. Bxc4 O-O 8. O-O
b6 9. e4 Bb7 10. Bg5 Nbd7 11. e5 Nd5 12. Bxe7 Nxe7 13. Ng5 Nf5 14. Qh5 h6 15.
Nxe6 fxe6 16. Bxe6+ Kh8 17. Bxf5 Rxf5 18. Qxf5 Qe7 19. f4 Rf8 20. Qd3 Qb4 21.
Qd2 Rd8 22. a3 Qe7 23. Ne4 Nf8 24. Nd6 Ba6 25. Rf3 Ne6 26. Rc1 c5 27. dxc5 bxc5
28. Qd5 Rf8 29. Qe4 Nd4 30. Re3 Ne6 31. g3 Qd8 32. Qd5 Qe7 33. b4 cxb4 34. Qc6
bxa3 35. Qxa6 g5 36. f5 Nd4 37. Qd3 Nxf5 38. Nxf5 Qe6 39. Nd4 Qb6 40. Qxa3 Rd8
41. e6 Qxd4 42. e7 1-0

[Event "Madrid ch - Previa B"]
[Site "Madrid ESP"]
[Date "2008.11.15"]
[Round "5.4"]
[White "Rojas Pozo, Jose Luis"]
[Black "Castejon Caballero, Andres"]
[Result "1/2-1/2"]
[WhiteElo "1897"]
[BlackElo "2003"]
[PlyCount "110"]
[EventDate "2008.11.06"]
[EventType "swiss"]
[EventRounds "9"]
[EventCountry "ESP"]
[Source "lmi"]
[SourceDate "2008.11.06"]

1. e4 c5 2. Nf3 Nc6 3. Bb5 g6 4. Bxc6 dxc6 5. d3 Bg7 6. Nc3 e5 7. h3 Ne7 8. Be3
b6 9. O-O O-O 10. Qd2 f6 11. Nh2 g5 12. g4 Be6 13. Ne2 Qc7 14. Qc3 Rfd8 15.
Rad1 a5 16. a4 Nc8 17. b3 Nd6 18. Ng3 Nb7 19. Nf3 Qd7 20. Kg2 Qf7 21. Nh5 h6
22. Ng3 b5 23. Nd2 Bf8 24. f3 c4 25. dxc4 Bb4 26. Qb2 bxc4 27. Nxc4 Bxc4 28.
bxc4 Qxc4 29. Bb6 Rxd1 30. Rxd1 Ra6 31. Bd8 c5 32. Qb3 Nd6 33. Bxf6 Qxb3 34.
cxb3 c4 35. bxc4 Nxc4 36. Rd8+ Kf7 37. Nh5 Rxf6 38. Nxf6 Kxf6 39. Rc8 Nb2 40.
Rc6+ Kf7 41. Rc7+ Ke6 42. Rc6+ Ke7 43. Rxh6 Nxa4 44. Rg6 Bd2 45. Kf1 Nc3 46.
Rg7+ Kd6 47. Rg8 Kc5 48. h4 gxh4 49. g5 Kb4 50. g6 Bh6 51. Rh8 Bg7 52. Rh7 Bf6
53. Rf7 Bh8 54. Rh7 Bf6 55. Rf7 Bh8 1/2-1/2

[Event "Madrid ch - Previa B"]
[Site "Madrid ESP"]
[Date "2008.11.15"]
[Round "5.5"]
[White "Dominguez Carmona, Miguel"]
[Black "Sotnikov, Taras"]
[Result "1/2-1/2"]
[WhiteElo "2051"]
[BlackElo "1920"]
[PlyCount "91"]
[EventDate "2008.11.06"]
[EventType "swiss"]
[EventRounds "9"]
[EventCountry "ESP"]
[Source "lmi"]
[SourceDate "2008.11.06"]

1. d4 g6 2. c4 f5 3. Nc3 Nf6 4. g3 Bg7 5. Bg2 O-O 6. Nh3 d6 7. d5 c6 8. O-O e5
9. dxe6 Bxe6 10. Qb3 Qb6 11. Ng5 Re8 12. Rd1 h6 13. Nxe6 Rxe6 14. Bf4 Ne8 15.
Nb5 Na6 16. Nxd6 Qxb3 17. axb3 Nxd6 18. Rxd6 Rxd6 19. Bxd6 Bxb2 20. Ra2 Bc3 21.
Bxc6 Rd8 22. Bd5+ Kg7 23. Bf4 g5 24. Be3 Rd7 25. Bxb7 Rxb7 26. Rxa6 Rxb3 27.
Rxa7+ Kg6 28. c5 Rb2 29. Ra6+ Kh5 30. h4 Rxe2 31. hxg5 hxg5 32. c6 Rc2 33. Ra4
Bf6 34. Ra6 Bd8 35. Kf1 Bc7 36. Ke1 f4 37. gxf4 Bxf4 38. Bxf4 gxf4 39. Kd1 Rc5
40. Ke2 Kg4 41. Kd3 Rc1 42. Ke4 Rc2 43. Kd5 Rd2+ 44. Ke5 Re2+ 45. Kd6 Rd2+ 46.
Ke5 1/2-1/2

[Event "Madrid ch - Previa B"]
[Site "Madrid ESP"]
[Date "2008.11.15"]
[Round "5.6"]
[White "Benito Aragoneses, Miguel Angel"]
[Black "Esquivias Gomez, Fco. Javier"]
[Result "0-1"]
[WhiteElo "1790"]
[BlackElo "2048"]
[PlyCount "52"]
[EventDate "2008.11.06"]
[EventType "swiss"]
[EventRounds "9"]
[EventCountry "ESP"]
[Source "lmi"]
[SourceDate "2008.11.06"]

1. d4 f5 2. c4 g6 3. Nc3 Nf6 4. g3 Bg7 5. Bg2 d6 6. Nh3 O-O 7. O-O c6 8. Qc2 e5
9. d5 c5 10. f4 e4 11. e3 Ng4 12. Nf2 Nxf2 13. Rxf2 Nd7 14. Rb1 g5 15. b3 gxf4
16. Rxf4 Ne5 17. Bb2 Bh6 18. Nxe4 fxe4 19. Bxe4 Qe7 20. Rxf8+ Bxf8 21. Rf1 Bh6
22. Kg2 Ng4 23. Bc1 Bd7 24. h3 Ne5 25. Bb2 Rf8 26. Bxe5 Rxf1 0-1

[Event "Madrid ch - Previa B"]
[Site "Madrid ESP"]
[Date "2008.11.15"]
[Round "5.7"]
[White "Lozano Sanchez, Jose Antonio"]
[Black "Garcia Salamero, Gabriel"]
[Result "0-1"]
[WhiteElo "1920"]
[BlackElo "2005"]
[PlyCount "46"]
[EventDate "2008.11.06"]
[EventType "swiss"]
[EventRounds "9"]
[EventCountry "ESP"]
[Source "lmi"]
[SourceDate "2008.11.06"]

1. e4 e5 2. Nf3 Nf6 3. Nc3 Nc6 4. Bc4 Nxe4 5. Nxe4 d5 6. Bd3 dxe4 7. Bxe4 Bd6
8. O-O O-O 9. c3 f5 10. Qb3+ Kh8 11. Bd5 e4 12. Bxc6 bxc6 13. Nd4 c5 14. Ne6
Bxe6 15. Qxe6 Rf6 16. Qc4 Bxh2+ 17. Kxh2 Rh6+ 18. Kg1 Qh4 19. f3 Qh2+ 20. Kf2
exf3 21. Kxf3 Rh4 22. d4 Rg4 23. Be3 Qxg2# 0-1

[Event "Madrid ch - Previa B"]
[Site "Madrid ESP"]
[Date "2008.11.15"]
[Round "5.8"]
[White "Leniz Martinez, Francisco"]
[Black "Peñaranda Grilo, Juan Carlos"]
[Result "0-1"]
[WhiteElo "1874"]
[BlackElo "1930"]
[PlyCount "92"]
[EventDate "2008.11.06"]
[EventType "swiss"]
[EventRounds "9"]
[EventCountry "ESP"]
[Source "lmi"]
[SourceDate "2008.11.06"]

1. Nf3 d5 2. g3 Nf6 3. Bg2 c5 4. d3 Nc6 5. O-O e6 6. Nbd2 Be7 7. e4 O-O 8. e5
Nd7 9. Re1 Qc7 10. Qe2 Nb6 11. a3 f5 12. h4 h6 13. Nf1 Bd7 14. N1h2 Be8 15. Bh3
Bh5 16. g4 fxg4 17. Bxg4 Bxg4 18. Nxg4 Nd4 19. Nxd4 cxd4 20. Kh1 Rf5 21. Rg1
Kf7 22. Rg2 h5 23. Nh2 Rxe5 24. Qd1 Rf5 25. Nf3 Bf6 26. Bg5 e5 27. Bxf6 gxf6
28. Qg1 Nd7 29. Rg7+ Ke6 30. Qd1 Rf8 31. Qe2 Qc5 32. Rag1 Rf7 33. Rg8 Kd6 34.
Rh8 Re7 35. Ne1 e4 36. Ng2 e3 37. f3 Rg7 38. Kh2 Ne5 39. Rf1 Kc7 40. Kh3 Qd6
41. f4 Ng4 42. Rf3 Qe6 43. Rf1 Qf7 44. Rf3 Qg6 45. Rf1 Nf2+ 46. Rxf2 Qg3# 0-1

[Event "Madrid ch - Previa B"]
[Site "Madrid ESP"]
[Date "2008.11.15"]
[Round "5.9"]
[White "Garcia Serrano, Jose Manuel"]
[Black "Garcia Garcia, Ruben Ii"]
[Result "1-0"]
[WhiteElo "1871"]
[BlackElo "1920"]
[PlyCount "79"]
[EventDate "2008.11.06"]
[EventType "swiss"]
[EventRounds "9"]
[EventCountry "ESP"]
[Source "lmi"]
[SourceDate "2008.11.06"]

1. e4 e5 2. f4 d5 3. exd5 e4 4. d3 Nf6 5. dxe4 Nxe4 6. Nf3 Bg4 7. Qe2 Qxd5 8.
Nbd2 f5 9. h3 Be7 10. hxg4 Ng3 11. Qb5+ Qxb5 12. Bxb5+ c6 13. Rh3 fxg4 14. Rxg3
gxf3 15. Nxf3 cxb5 16. Rxg7 Nd7 17. f5 Bf6 18. Rg3 Kf7 19. Ng5+ Bxg5 20. Bxg5
Rag8 21. O-O-O Nf6 22. Bxf6 Kxf6 23. Rxg8 Rxg8 24. Rh1 Rg7 25. g4 a6 26. Kd2
Rxg4 27. Rxh7 Kxf5 28. Rxb7 Rd4+ 29. Kc3 Rc4+ 30. Kb3 Rc6 31. c3 Ke6 32. a4
bxa4+ 33. Kxa4 Kd5 34. Ka5 Kc5 35. Ra7 Rd6 36. Rxa6 Rd1 37. b4+ Kc4 38. Rc6+
Kd5 39. Rc8 Rc1 40. b5 1-0

[Event "Madrid ch - Previa B"]
[Site "Madrid ESP"]
[Date "2008.11.15"]
[Round "5.10"]
[White "Valderrama Arroyo, Victor"]
[Black "Adan Bonilla, Carlos"]
[Result "1/2-1/2"]
[WhiteElo "1914"]
[BlackElo "1813"]
[PlyCount "79"]
[EventDate "2008.11.06"]
[EventType "swiss"]
[EventRounds "9"]
[EventCountry "ESP"]
[Source "lmi"]
[SourceDate "2008.11.06"]

1. d4 g6 2. c4 Bg7 3. Nc3 c5 4. d5 Bxc3+ 5. bxc3 f5 6. g3 Qa5 7. Qb3 d6 8. Bd2
Nf6 9. Bg2 Nbd7 10. Nh3 Nb6 11. Bg5 Ng4 12. Qb5+ Qxb5 13. cxb5 h6 14. Bc1 Nf6
15. Bb2 c4 16. O-O-O Bd7 17. Nf4 Kf7 18. Ne6 Rac8 19. Nd4 Nbxd5 20. Rhf1 Rc7
21. Bxd5+ Nxd5 22. Nxf5 Bxf5 23. Rxd5 Rhc8 24. a4 Rc5 25. Rfd1 Be6 26. Rxc5
Rxc5 27. e4 a6 28. Ba3 Re5 29. Rd4 axb5 30. axb5 Rxb5 31. Bb4 Rh5 32. h4 b5 33.
f4 d5 34. exd5 Rxd5 35. Rxd5 Bxd5 36. Kd2 Kf6 37. Ke3 e5 38. fxe5+ Kxe5 39. Bf8
h5 40. Bg7+ 1/2-1/2

[Event "Madrid ch - Previa B"]
[Site "Madrid ESP"]
[Date "2008.11.15"]
[Round "5.11"]
[White "De Armentia Roldan, Benigno"]
[Black "Escoredo Garcia, Jesus"]
[Result "1/2-1/2"]
[WhiteElo "1870"]
[BlackElo "1906"]
[PlyCount "264"]
[EventDate "2008.11.06"]
[EventType "swiss"]
[EventRounds "9"]
[EventCountry "ESP"]
[Source "lmi"]
[SourceDate "2008.11.06"]

1. d4 d5 2. Nf3 Nf6 3. g3 c6 4. Bg2 Bf5 5. O-O e6 6. c4 Be7 7. Nc3 O-O 8. Nh4
Bg4 9. Nf3 Nbd7 10. c5 Re8 11. b4 b5 12. cxb6 axb6 13. Qb3 Bd6 14. Bb2 Qe7 15.
a3 b5 16. Rfe1 Nb6 17. e4 dxe4 18. Nxe4 Nc4 19. Nxd6 Qxd6 20. Bc1 Nd5 21. Ne5
Nxe5 22. dxe5 Qe7 23. Bb2 Rec8 24. Bd4 Ra6 25. Bc5 Qg5 26. a4 bxa4 27. Rxa4
Rxa4 28. Qxa4 Qd2 29. Ra1 h5 30. Qa6 Rb8 31. Qa7 Rd8 32. Qa5 Nc3 33. Bd6 Ne2+
34. Kh1 Rc8 35. Qa6 Rd8 36. Qxc6 Nc3 37. Rf1 Be2 38. Rg1 Bb5 39. Qf3 Be2 40.
Qe3 Nb1 41. Qb6 Rc8 42. h3 Bd3 43. Bc5 h4 44. Qb7 Rd8 45. Qf3 Be2 46. Qf4 hxg3
47. Qxd2 Rxd2 48. fxg3 Bb5 49. Kh2 Nc3 50. Bd6 Nd5 51. h4 Ne3 52. Kh3 Kh7 53.
Be4+ g6 54. Be7 Rd4 55. Bh1 Nc2 56. Rb1 Na3 57. Rc1 Bd3 58. Bg2 Bf5+ 59. Kh2
Nc2 60. Kg1 Nxb4 61. Bxb4 Rxb4 62. Re1 Rb3 63. Kf2 Rb2+ 64. Re2 Rb1 65. Be4 Rb3
66. Bxf5 gxf5 67. Re3 Rb4 68. Kf3 Kg6 69. Rd3 Re4 70. Re3 Ra4 71. Rd3 Ra1 72.
Re3 Kh5 73. Rd3 Re1 74. Re3 Rf1+ 75. Kg2 Rd1 76. Kf3 Rd5 77. Kf4 Kg6 78. Kf3
Rc5 79. Kf4 Rc4+ 80. Kf3 f6 81. h5+ Kg5 82. h6 Kxh6 83. exf6 Rc6 84. Kf4 Kg6
85. Ke5 Kf7 86. Rb3 Rc5+ 87. Kd4 Rd5+ 88. Ke3 Kxf6 89. Rb8 Ra5 90. Rb3 e5 91.
Kf3 Kg5 92. Rb8 Ra3+ 93. Kg2 e4 94. Rg8+ Kf6 95. Kf2 Ke5 96. Rd8 Ra2+ 97. Ke3
Ra3+ 98. Kf2 Kf6 99. Rg8 Kf7 100. Rd8 Kg6 101. Rg8+ Kf6 102. Rf8+ Ke6 103. Rd8
Ke7 104. Rg8 Kd6 105. Rf8 Ra5 106. Ke3 Re5 107. Rd8+ Ke7 108. Rg8 Kf7 109. Rd8
Kg6 110. Rg8+ Kf7 111. Rd8 Re7 112. Rd6 Re6 113. Rd7+ Kf6 114. Rd8 Kg5 115.
Rg8+ Rg6 116. Re8 Kg4 117. Kf2 Rg5 118. Re7 Rh5 119. Rg7+ Kh3 120. Rg8 Rh7 121.
Rf8 Kg4 122. Rg8+ Kh5 123. Ke3 Rf7 124. Kf2 Kh6 125. Ke3 Kh7 126. Rg5 Kh6 127.
Rg8 Rg7 128. Rh8+ Kg6 129. Rf8 Rf7 130. Rg8+ Kf6 131. Re8 Re7 132. Rf8+ Kg7
1/2-1/2

[Event "Madrid ch - Previa B"]
[Site "Madrid ESP"]
[Date "2008.11.15"]
[Round "5.12"]
[White "Marcos Herrero, Francisco"]
[Black "Avendaño Mateos, Jose"]
[Result "0-1"]
[WhiteElo "1854"]
[BlackElo "1894"]
[PlyCount "62"]
[EventDate "2008.11.06"]
[EventType "swiss"]
[EventRounds "9"]
[EventCountry "ESP"]
[Source "lmi"]
[SourceDate "2008.11.06"]

1. e4 c6 2. d3 e5 3. Qe2 d6 4. Nc3 f5 5. f4 fxe4 6. dxe4 Nf6 7. Bd2 Be6 8. f5
Bf7 9. O-O-O Nbd7 10. g4 h6 11. Nf3 Nxg4 12. Rg1 Ngf6 13. Qg2 Qc7 14. Nh4 O-O-O
15. Ng6 Bxg6 16. Qxg6 Nb6 17. Be3 Kb8 18. Bg2 Nc4 19. Bf2 h5 20. Bh4 Ne3 21.
Rd3 Rh6 22. Qg3 Nc4 23. Rgd1 Qa5 24. Bg5 Rh8 25. Kb1 Be7 26. Bf3 Qc7 27. Qf2
Ng4 28. Bxg4 Bxg5 29. Bf3 Bf6 30. Rg1 Rd7 31. Qe2 Qb6 0-1

[Event "Madrid ch - Previa B"]
[Site "Madrid ESP"]
[Date "2008.11.15"]
[Round "5.13"]
[White "Merino Araguas, Jose Javier"]
[Black "Montes Rubio, Miguel"]
[Result "1/2-1/2"]
[WhiteElo "1879"]
[BlackElo "1698"]
[PlyCount "70"]
[EventDate "2008.11.06"]
[EventType "swiss"]
[EventRounds "9"]
[EventCountry "ESP"]
[Source "lmi"]
[SourceDate "2008.11.06"]

1. d4 d5 2. c4 Nc6 3. Nc3 e6 4. Nf3 Bb4 5. e3 Nf6 6. Bd3 Ne7 7. Qa4+ Nc6 8. Ne5
Bd7 9. Nxd7 Nxd7 10. Qc2 Nb6 11. c5 Nd7 12. O-O Bxc3 13. Qxc3 f5 14. b4 Nf6 15.
b5 Ne7 16. a4 c6 17. f3 O-O 18. Bd2 Rb8 19. Rfb1 Rf7 20. Rb2 Qc8 21. Rab1 h6
22. Qa5 Ra8 23. Qb4 Rb8 24. Qb3 Kh8 25. Qc2 Kg8 26. Be1 g5 27. Bg3 Ra8 28. bxc6
Nxc6 29. Qd2 Kh8 30. Bb5 a6 31. Be2 Kg8 32. Rb6 Ra7 33. R6b2 Ne8 34. Rb6 Nf6
35. Bd6 Nd7 1/2-1/2

[Event "Madrid ch - Previa B"]
[Site "Madrid ESP"]
[Date "2008.11.15"]
[Round "5.14"]
[White "Prieto Garcia, David"]
[Black "Garcia Ruiz, Ricardo"]
[Result "0-1"]
[WhiteElo "1954"]
[BlackElo "1920"]
[PlyCount "42"]
[EventDate "2008.11.06"]
[EventType "swiss"]
[EventRounds "9"]
[EventCountry "ESP"]
[Source "lmi"]
[SourceDate "2008.11.06"]

1. e4 g6 2. d4 Bg7 3. f4 d6 4. Nf3 e6 5. Bc4 Nd7 6. O-O Ne7 7. f5 exf5 8. exf5
d5 9. Bd3 gxf5 10. Qe1 Nf6 11. Qh4 Ng6 12. Re1+ Be6 13. Qh3 Ne4 14. c4 c6 15.
cxd5 Qxd5 16. Nc3 Bxd4+ 17. Nxd4 Qxd4+ 18. Qe3 Qxe3+ 19. Rxe3 Nxc3 20. bxc3
O-O-O 21. c4 f4 0-1

[Event "Madrid ch - Previa B"]
[Site "Madrid ESP"]
[Date "2008.11.15"]
[Round "5.15"]
[White "Gonzalez Ayuso, Gonzalo"]
[Black "Franco Rincon, David"]
[Result "1-0"]
[WhiteElo "1804"]
[BlackElo "1752"]
[PlyCount "157"]
[EventDate "2008.11.06"]
[EventType "swiss"]
[EventRounds "9"]
[EventCountry "ESP"]
[Source "lmi"]
[SourceDate "2008.11.06"]

1. d4 d5 2. c4 e6 3. Nc3 Nf6 4. Bg5 c6 5. cxd5 exd5 6. e3 Bf5 7. Bd3 Bxd3 8.
Qxd3 Be7 9. Nge2 Nbd7 10. O-O h6 11. Bh4 O-O 12. Rac1 Re8 13. Rfe1 Nf8 14. Na4
Ng6 15. Bg3 Ne4 16. a3 Qa5 17. Nac3 Nxg3 18. Nxg3 Rac8 19. Nge2 Bd6 20. g3 Rc7
21. Qc2 Rce7 22. Na4 Nf8 23. Nc5 Ne6 24. Nxe6 Rxe6 25. Qc3 Qb6 26. Qc2 R6e7 27.
Nc3 Qd8 28. Na4 Qc8 29. Nc5 Rc7 30. b4 Qg4 31. a4 h5 32. Qe2 Qf5 33. Kg2 g6 34.
Qf3 Qc8 35. Rc3 b6 36. Nd3 Re4 37. Rec1 Qd7 38. Qe2 Re6 39. Qc2 Be7 40. Ne5 Qe8
41. Nxc6 Kg7 42. Nxe7 Rxc3 43. Qxc3 Qxe7 44. b5 Qg5 45. h4 Qf6 46. Qc7 Re7 47.
Qf4 Qxf4 48. gxf4 Kf6 49. Rc6+ Kf5 50. Kg3 Ke4 51. Rc3 Kf5 52. f3 Kf6 53. Kf2
Rd7 54. Rc6+ Kg7 55. Ke2 f5 56. Kd3 Kf7 57. e4 fxe4+ 58. fxe4 dxe4+ 59. Kxe4
Re7+ 60. Kf3 Rd7 61. Ke4 Re7+ 62. Kd3 Rd7 63. Kc4 Kg7 64. d5 Kf7 65. Kd4 Kg7
66. Ke5 Rf7 67. d6 Rf5+ 68. Ke4 Rf8 69. Rc7+ Kf6 70. d7 Rd8 71. Kd5 Ke7 72. Kc6
Ke6 73. Rxa7 Ke7 74. Kxb6 Kd6 75. Rc7 Rb8+ 76. Rb7 Ra8 77. a5 Rd8 78. a6 Ra8
79. a7 1-0

[Event "Madrid ch - Previa B"]
[Site "Madrid ESP"]
[Date "2008.11.15"]
[Round "5.16"]
[White "Mosteiro Montoro, Alvaro"]
[Black "Vicario Ramirez, Celestino"]
[Result "0-1"]
[WhiteElo "1832"]
[BlackElo "1711"]
[PlyCount "76"]
[EventDate "2008.11.06"]
[EventType "swiss"]
[EventRounds "9"]
[EventCountry "ESP"]
[Source "lmi"]
[SourceDate "2008.11.06"]

1. d4 Nf6 2. c4 g6 3. Nc3 Bg7 4. e4 d6 5. Nf3 O-O 6. Be2 e5 7. d5 Nbd7 8. b4 b6
9. O-O a5 10. b5 Nc5 11. Bg5 Qe8 12. Bxf6 Bxf6 13. Nd2 Bg5 14. Nb3 Nd7 15. a4
f5 16. Qd3 Nf6 17. f3 Bh6 18. Nd1 f4 19. Nf2 Bg7 20. Ng4 h5 21. Nxf6+ Rxf6 22.
h4 g5 23. hxg5 Rg6 24. Kf2 Rxg5 25. Rh1 Qg6 26. Rh2 h4 27. Rg1 h3 28. Bf1 Qh6
29. Ke2 Qh4 30. gxh3 Rxg1 31. Nd2 Qg3 32. Rf2 Bf6 33. Ke1 Bh4 34. Qe2 Bxh3 35.
Kd1 Qxf2 36. Qxf2 Bxf2 37. Ke2 Bxf1+ 38. Nxf1 Bd4 0-1

[Event "Madrid ch - Previa B"]
[Site "Madrid ESP"]
[Date "2008.11.15"]
[Round "5.17"]
[White "Benito Mellado, Humberto"]
[Black "De Los Rios Camacho, Juan A"]
[Result "0-1"]
[WhiteElo "1653"]
[BlackElo "1792"]
[PlyCount "88"]
[EventDate "2008.11.06"]
[EventType "swiss"]
[EventRounds "9"]
[EventCountry "ESP"]
[Source "lmi"]
[SourceDate "2008.11.06"]

1. d4 Nf6 2. c4 g6 3. g3 c5 4. e3 cxd4 5. exd4 d5 6. c5 Bg7 7. Bg2 Nc6 8. Nf3
O-O 9. O-O b6 10. Be3 bxc5 11. dxc5 e5 12. Qd2 Ne4 13. Qc1 Rb8 14. b3 Re8 15.
Rd1 f5 16. Bh6 Bh8 17. Ng5 Nd4 18. Bf1 Nxg5 19. Bxg5 Nf3+ 20. Kg2 Nxg5 21. Bc4
Be6 22. Nc3 d4 23. Bb5 Rf8 24. Ba6 Bd5+ 25. Nxd5 Qxd5+ 26. Kf1 Qh1+ 27. Ke2
Qf3+ 28. Kf1 Ne4 29. Qc2 Rbd8 30. Bd3 Qh1+ 31. Ke2 Nc3+ 32. Kd2 Qg2 33. Rf1 Bg7
34. Kc1 Kh8 35. Kb2 e4 36. Rg1 exd3 37. Qxd3 Qxf2+ 38. Ka3 Qe3 39. Qc4 d3 40.
Rae1 Qd4 41. Qxd4 Nb5+ 42. Ka4 Nxd4 43. Rg2 Nc2 44. Rd1 Ne3 0-1

[Event "Madrid ch - Previa B"]
[Site "Madrid ESP"]
[Date "2008.11.15"]
[Round "5.18"]
[White "Vazquez Moreno, Luis"]
[Black "Castro Uceda, Jose Antonio"]
[Result "0-1"]
[WhiteElo "1743"]
[BlackElo "1717"]
[PlyCount "60"]
[EventDate "2008.11.06"]
[EventType "swiss"]
[EventRounds "9"]
[EventCountry "ESP"]
[Source "lmi"]
[SourceDate "2008.11.06"]

1. e4 c5 2. Nf3 d6 3. d4 cxd4 4. Nxd4 Nf6 5. Nc3 a6 6. f4 e6 7. Qf3 Nc6 8. Nxc6
bxc6 9. Be3 Rb8 10. O-O-O Be7 11. e5 Nd5 12. Ba7 Rb7 13. Bf2 Rb8 14. Ne4 O-O
15. c4 f5 16. Nxd6 Nxf4 17. Nxc8 Qxc8 18. Qxf4 Qb7 19. Bd4 h6 20. Qf2 Bg5+ 21.
Kb1 Rfd8 22. b3 c5 23. h4 Be7 24. Be2 cxd4 25. Rxd4 Rxd4 26. Qxd4 Qxg2 27. Re1
Rd8 28. Qb6 Qe4+ 29. Ka1 Qxe5+ 30. Kb1 Rd2 0-1

[Event "Madrid ch - Previa B"]
[Site "Madrid ESP"]
[Date "2008.11.15"]
[Round "5.19"]
[White "Morona Minguez, Irene"]
[Black "Ortiz Berruguete, Adrian"]
[Result "1/2-1/2"]
[WhiteElo "1743"]
[BlackElo "1637"]
[PlyCount "114"]
[EventDate "2008.11.06"]
[EventType "swiss"]
[EventRounds "9"]
[EventCountry "ESP"]
[Source "lmi"]
[SourceDate "2008.11.06"]

1. e4 d5 2. exd5 Qxd5 3. Nc3 Qa5 4. d4 Nf6 5. Nf3 c6 6. Bc4 Bg4 7. Bd2 e6 8.
Nd5 Qd8 9. Nxf6+ Qxf6 10. Bc3 Bxf3 11. gxf3 Qf4 12. a3 Nd7 13. Qe2 Nb6 14. Bb3
O-O-O 15. a4 Nd5 16. Bxd5 exd5 17. Qe3 Bd6 18. O-O-O Rde8 19. Qxf4 Bxf4+ 20.
Bd2 Bxd2+ 21. Kxd2 Re6 22. Rde1 Rhe8 23. Re3 Kd7 24. Rg1 g6 25. Rg4 Rf6 26. Ke2
h5 27. Rg5 Rf4 28. c3 Rh4 29. Rg2 Re6 30. b3 a5 31. Kd3 b6 32. c4 dxc4+ 33.
bxc4 Kd6 34. Re4 Rh3 35. Ke3 Rxe4+ 36. Kxe4 Rh4+ 37. Ke3 c5 38. dxc5+ Kxc5 39.
Rg5+ Kd6 40. f4 Rh3+ 41. f3 Rxh2 42. f5 gxf5 43. Rxf5 h4 44. Rxf7 h3 45. Rh7
Kc5 46. f4 Kxc4 47. f5 Rh1 48. Kf2 Kd5 49. f6 Ke6 50. f7 Ke7 51. Ke2 Rb1 52.
f8=Q+ Kxf8 53. Rxh3 Ke7 54. Rh4 Kd6 55. Kd3 Kc5 56. Kc3 Rb4 57. Rxb4 axb4+
1/2-1/2

[Event "Madrid ch - Previa B"]
[Site "Madrid ESP"]
[Date "2008.11.21"]
[Round "6.1"]
[White "Vazquez Torres, Adrian"]
[Black "Nieto De La Cruz, Julio"]
[Result "1-0"]
[WhiteElo "2023"]
[BlackElo "2015"]
[PlyCount "55"]
[EventDate "2008.11.06"]
[EventType "swiss"]
[EventRounds "9"]
[EventCountry "ESP"]
[Source "lmi"]
[SourceDate "2008.11.06"]

1. e4 c5 2. Nf3 d6 3. d4 Nf6 4. Nc3 cxd4 5. Nxd4 g6 6. f4 Nc6 7. Nxc6 bxc6 8.
e5 Nd7 9. exd6 exd6 10. Be3 Be7 11. Qd2 O-O 12. O-O-O Qa5 13. Bd4 Nb6 14. h4
Be6 15. f5 Qxf5 16. Bd3 Qh5 17. Ne4 Nd5 18. c4 Nb6 19. g4 Qxg4 20. Qh6 f6 21.
Rhg1 Qf3 22. Rxg6+ Kf7 23. Nxd6+ Bxd6 24. Rxf6+ Ke7 25. Rxe6+ Kd8 26. Rxd6+ Kc7
27. Bxb6+ axb6 28. Be4 1-0

[Event "Madrid ch - Previa B"]
[Site "Madrid ESP"]
[Date "2008.11.21"]
[Round "6.2"]
[White "Esquivias Gomez, Fco. Javier"]
[Black "Montañes Arribas, Adrian"]
[Result "1-0"]
[WhiteElo "2048"]
[BlackElo "2030"]
[PlyCount "73"]
[EventDate "2008.11.06"]
[EventType "swiss"]
[EventRounds "9"]
[EventCountry "ESP"]
[Source "lmi"]
[SourceDate "2008.11.06"]

1. e4 c5 2. Nc3 d6 3. f4 Nc6 4. Nf3 g6 5. Bc4 Bg7 6. O-O Nf6 7. d3 O-O 8. Qe1
Nd4 9. Nxd4 cxd4 10. Ne2 Qb6 11. Kh1 a5 12. c3 dxc3 13. Nxc3 e6 14. Be3 Qc6 15.
Bb5 Qc7 16. Rc1 Qb8 17. Bb6 Nd7 18. Bg1 Rd8 19. f5 b6 20. Bxd7 Bxd7 21. f6 Bh8
22. Qh4 b5 23. Rf3 b4 24. Rh3 h5 25. g4 e5 26. gxh5 Bxh3 27. hxg6 fxg6 28. Nd5
Be6 29. Ne7+ Kf7 30. Qh7+ Kxf6 31. Rf1+ Bf5 32. Nxg6 Rd7 33. Rxf5+ Ke6 34. Qh3
Bf6 35. Rg5+ Kf7 36. Qxd7+ Kg8 37. Ne7+ 1-0

[Event "Madrid ch - Previa B"]
[Site "Madrid ESP"]
[Date "2008.11.21"]
[Round "6.3"]
[White "Castejon Caballero, Andres"]
[Black "Cabañas Bravo, Juan Andres"]
[Result "1-0"]
[WhiteElo "2003"]
[BlackElo "2036"]
[PlyCount "61"]
[EventDate "2008.11.06"]
[EventType "swiss"]
[EventRounds "9"]
[EventCountry "ESP"]
[Source "lmi"]
[SourceDate "2008.11.06"]

1. e4 e5 2. d4 exd4 3. Bc4 Nc6 4. Nf3 Bc5 5. c3 Nf6 6. O-O Nxe4 7. cxd4 d5 8.
dxc5 dxc4 9. Qe2 Qe7 10. Qxc4 Nxc5 11. Bg5 f6 12. Nc3 Ne6 13. Nd5 Qf7 14. Rfe1
O-O 15. Bh4 Ncd8 16. Rac1 c6 17. Ne3 Nc7 18. Bg3 Be6 19. Qd3 Nd5 20. Nd4 Nxe3
21. Rxe3 Re8 22. Rce1 Bd7 23. Rxe8+ Bxe8 24. Nf5 Ne6 25. h4 Qd7 26. Qe4 Nf8 27.
Ne7+ Kf7 28. Nf5 Kg8 29. Qf3 Bg6 30. Ne7+ Kh8 31. Qb3 1-0